MDQL
is popping MORE tags! Check the
thread
!
Quizzes
Events
Quiz Creation
Community
Videos
Private Events
Remove Ads
Sign In
Join for FREE
Feedback
Dark Mode
Quiz Categories
Sports
Geography
Music
Movies
Television
Just For Fun
Miscellaneous
History
Literature
Language
Science
Gaming
Entertainment
Religion
Holiday
For Kids
Quiz Lab
Recent
Popular Today
Quiz Kudos Today
Editor Picks
Curator Picks
Quizzes by...
Day
Popularity
Type
Ratings
Length
Year
Community
Subscriptions
Recent Discussions
Orange Saloon
Badges
Playlists
Quests
Create
Leaderboards
Showdown
Live 5
Trivia Bingo
Activity
Puzzle Library
Sporcle Events
Private Events
Virtual Trivia
Globe League
Become a Host
Pub Owners
SporcleCon
Opinionation
Our Games
Videos
Blog
Mobile Apps
Partnerships
Remove Ads and Go Orange
Feedback
Sports
Athletes
MLB
NBA
NHL
NFL
Soccer
Sports Teams
WWE
NCAA
Football
Premier League
Basketball
Baseball
Hockey
Golf
Tennis
Cricket
Rugby
Auto Racing
Olympics
World Cup
Sports
Athletes
MLB
NBA
NHL
NFL
Soccer
Sports Teams
WWE
NCAA
Football
Premier League
Basketball
Baseball
Hockey
Golf
Tennis
Cricket
Rugby
Auto Racing
Olympics
World Cup
Random Quiz
Search Sporcle
×
Quiz Lab
Quiz Lab
Sports
Football
Type in answers that appear in a list
Type in answers that appear in a list
Classic
Best Score? Go Orange.
Champions League Final First Goalscorers Stats
Can you name all first goalscorers in the last ten years of Champions League finals?
By
TeamFA
7m
20 Questions
4,028 Plays
4,028 Plays
4,028 Plays
Comments
Comments
Give Quiz Kudos
Give Quiz Kudos
-
- Ratings
hide this ad
Replay
Link that replays current quiz
Next Quiz
Link to next quiz in quiz playlist
You Got
0%
They Got
Avg Score
45%
Avg Friend Score
Upgrade to see
Score Distribution
Jump to the score distribution portion of the page
Score
0/20
Timer
07:00
0
Plays Today
Outcome
Goalscorer
% Correct
2017: Juventus 1-
4 Real Madrid
Cristiano Ronaldo
99%
2008: Manchester United 1-
1 Chelsea
Cristiano Ronaldo
98.9%
2016: Real Madrid 1-
1 Atletico Madrid
Sergio Ramos
73.4%
2012: Bayern Munich 1-
1 Chelsea
Thomas Muller
72.4%
2002: Bayer Leverkusen 1-
2 Real Madrid
Raul
66.9%
2009: Barcelona 2-
0 Manchester United
Samuel Eto'o
63.9%
2014: Real Madrid 4-
1 Atletico Madrid
Diego Godin
60.4%
2011: Barcelona 3-
1 Manchester United
Pedro
58.3%
2007: AC Milan 2-
1 Liverpool
Filippo Inzaghi
57.6%
2010: Bayern Munich 0-
2 Inter Milan
Diego Milito
54.4%
Outcome
Goalscorer
% Correct
2015: Juventus 1-
3 Barcelona
Ivan Rakitic
52.7%
2005: AC Milan 3-
3 Liverpool
Paolo Maldini
52.1%
2006: Barcelona 2-
1 Arsenal
Sol Campbell
52%
2013: Borussia Dortmund 1-
2 Bayern Munich
Mario Mandzukic
41.7%
2000: Real Madrid 3-
0 Valencia
Fernando Morientes
26.6%
1999: Manchester United 2-
1 Bayern Munich
Mario Basler
17.2%
2001: Bayern Munich 1-
1 Valencia
Gaizka Mendieta
15.4%
1998: Juventus 0-
1 Real Madrid
Predrag Mijatovic
11.9%
2004: Monaco 0-
3 FC Porto
Carlos Alberto
10.1%
2003: Juventus 0-
0 AC Milan (penalties)
Serginho
5.4%
Quiz Playlist
Details
Report
Send in Message
Add To Playlist
Classic:
Type in answers that appear in a list
Last Updated: May 21, 2018
Quiz Scoreboard
CHALLENGE
Sign Up to Join the Scoreboard
Show All
Scores
Hide
Comments
May contain spoilers
Recently Published
1-10 Letter E Words III
by El_Dandy
Language
2m
Street Fighter Characters
by Artimus82
Gaming
60s
College Basketball Coaching Resumes
by pancakes188
Sports
9m
More to Explore
Quiz From the Vault
Featured Blog Post
Where Did the Easter Bunny Come From?
hide this ad
You Might Also Like...
Tags
Football Quiz
Soccer Quiz
Champions League
English Soccer
Football Champions
Football Team
Goal Scorers
League Football
UEFA Champions' League
UEFA Champions' League XIs
Today's Top Quizzes in Sports
Browse Sports
hide this ad
Today's Top Quizzes in Football
Browse Football
Top Contributed Quizzes in Sports
1
2022 World Cup Stars
2
Les meilleurs buteurs des matchs entre le PSG et l’OM
3
FIFA Club World Cup Champions
4
Les entraîneurs de l'OM et du PSG au 21e siècle
5
Criteria MLB: Left Handed Sluggers
6
2023 MLB Unique Player Accomplishments
7
AFC Teams Reveal (Wrong Answers Minefield)
8
Players with Multiple 50 Home Run Seasons
9
5-to-1: FBS Animal Nicknames
10
5-to-1: UK Sports Teams
Explore More
Trending Topics
Marvel
Crossword
Anime
NBA
Kpop
Disney
Harry Potter
WWE
Country
The Office
Puzzle
Pokémon
NFL
Soccer
Song
hide this ad
More By:
TeamFA
Quiz
Plays
Rating
Category
Featured
Created
35 Players who've rejoined former clubs
118,445
4.12
Sports
Jul 30, 2016
Premier League Clubs
64,562
4.60
Sports
Feb 7, 2018
Relegated Premier League Clubs
56,522
4.50
Sports
Feb 25, 2018
Premier League 100 Club
49,987
4.67
Sports
Jan 17, 2017
Players to score 20+ PL goals in a season
47,322
4.60
Sports
Mar 19, 2018
Go to Creator's Profile
Score Distribution
Quiz Creator Spotlight
TeamFA
Follow
Send a Message
Quizzes Created
-
Created Quiz Play Count
-
More By This Creator
Popular Quizzes Today
1
Find the US States - No Outlines Minefield
2
Find the Countries of Europe - No Outlines Minefield
3
The Countries of the World
4
Find the US States
5
Risky Map Clicking: Biggest States A-Z
6
US States
7
Popular People in 1961
8
Movies - When Are They Set?
More Sports Quizzes
N.Y. World Series Combo Breakers
Curator's Pick
Trending Quizzes
Risky Map Clicking: Least Populous States A-Z
USA Borders Longest to Shortest
1-10 Letter G Words
1-10 Letter F Words
Countries of the World: 200 Million BC
Recently Updated
Leaping Animals
pecheneg
Reality TV Shows (A-Z)
bhenderson79
Rickey Henderson's Hall of Fame Teammates
pecheneg
Champions League XIs: Arsenal
pecheneg
Quick Pick: Celebrities in WWE's Hall of Fame
aduchscher
A-Z Keypad Blitz II
pecheneg
Multiple Oscar Actors
pecheneg
Mystery Phrase Blitz: Oscar 'Best Actors'
pecheneg
F. Scott Fitzgerald Novels
LTH
Pick 3 Villains
ddd62291
Trending Topics
Anime
Disney
Marvel
Crossword
Kpop
Harry Potter
NBA
Puzzle
Pokémon
WWE
The Office
Soccer
Song
NFL
Country
Your Account Isn't Verified!
In order to create a playlist on Sporcle, you need to verify the email address you used during registration. Go to your
Sporcle Settings
to finish the process.
Report this User
Report this user for behavior that violates our
Community Guidelines
.
Details:
Send Report
Go to the Sporcle.com Mobile Site →
Comments